000
002700000a22000970004500
100
1
_a
Marcus, Joel (1951-)
245
1
0
_a
Mark 14:61 : "Are you the Messiah-son-God?"
300
_a
Vol. 31, Num. 2 (Abril, 1989), Páginas 125-141
773
0
_t
Novum Testamentum
942
_c
ANA
999
_c
56771
_d
56771